| Поле | Инд. | ПП | Название | Значение |
|---|---|---|---|---|
| Тип записи | a | |||
| Библиографический уровень | b | |||
| 001 | Контрольный номер | RU/IS/BASE/102777932 | ||
| 005 | Дата корректировки | 20200526074517.4 | ||
| 084 | a | Индекс другой классификации/Индекс ББК | 72.4(7США); 65.9(7США)-55-18 | |
| 100 | 1_ | a | Автор | Галаган А. И. |
| 245 | a | Заглавие | Роль академического комплекса США в определении и реализации научно-технической политики страны | |
| 504 | a | Библиография | Библиогр. ссылки | |
| 650 | a | Основная рубрика | наука | |
| a | Основная рубрика | экономика | ||
| 653 | a | Ключевые слова | Институт медицины | |
| a | Ключевые слова | Комитет по науке, технике и политике | ||
| a | Ключевые слова | научная политика | ||
| a | Ключевые слова | научно-исследовательские работы | ||
| a | Ключевые слова | научно-исследовательские учреждения | ||
| a | Ключевые слова | научно-техническая политика | ||
| a | Ключевые слова | научные приоритеты | ||
| a | Ключевые слова | Национальная академия наук США | ||
| a | Ключевые слова | Национальная инженерная академия | ||
| a | Ключевые слова | Национальный исследовательский совет | ||
| a | Ключевые слова | организация науки | ||
| a | Ключевые слова | организация научных исследований | ||
| a | Ключевые слова | США | ||
| a | Ключевые слова | финансирование научных исследований | ||
| a | Ключевые слова | фундаментальные исследования | ||
| 773 | t | Заглавие источника | Социально-гуманитарные знания | |
| d | Дата издания источника | 2003 | ||
| g | Прочая информация | № 1. - С. 170 - 182 | ||
| w | Контрольный № источника | RU/IS/BASE/101491030 | ||
| 901 | t | Тип документа | b |